OECD in figures 2007
Збережено в:
| Співавтор: | |
|---|---|
| Формат: | Книга |
| Мова: | Англійська |
| Опубліковано: |
París
OECD
2007
|
| Предмети: | |
| Теги: |
Додати тег
Немає тегів, Будьте першим, хто поставить тег для цього запису!
|
MARC
| LEADER | 00000nam a2200000 a 4500 | ||
|---|---|---|---|
| 001 | UCG1923 | ||
| 003 | CL-VaPUC | ||
| 008 | 100531e20070000FR |||||||||||||||||eng|d | ||
| 020 | |a 9789264034549 | ||
| 082 | 0 | 4 | |a 330.9 |b OEC |2 21 |
| 110 | 2 | |a OECD |e author |9 550040 | |
| 245 | 1 | 0 | |a OECD in figures 2007 |
| 300 | |a 91 p | ||
| 942 | |c BK | ||
| 945 | |d 20100531 00:00:00 |a rbrito | ||
| 260 | |a París |b OECD |c 2007 | ||
| 650 | 7 | |a ESTADISTICA ECONOMICA |2 CL-VaPUC |9 527363 | |
| 650 | 7 | |a ECONOMIA MUNDIAL |2 CL-VaPUC |9 550041 | |
| 650 | 0 | |a Demografía |9 260008 | |
| 650 | 7 | |a CIENCIAS Y TECNOLOGIAS |2 CL-VaPUC |9 550042 | |
| 650 | 0 | |a Finanzas públicas |9 358992 | |
| 583 | |a last modification |c 20100531 00:00:00 |k Rodrigo Vera | ||
| 999 | |c 341172 |d 341170 | ||
| 952 | |0 0 |1 0 |4 0 |6 330_900000000000000_OEC_2007 |7 0 |8 A |9 436471 |a BIBGIM |b BIBGIM |d 2019-11-22 |i 4680065 |o 330.9 OEC 2007 |p 4680065 |r 2025-01-15 |w 2019-11-22 |y BK |k OCD | ||